[Event "Tonsberg Autumn"]
[Site "Tonsberg"]
[Date "2014.10.13"]
[Round "5"]
[White "Kvalsund, Jon Emil"]
[Black "Johansen, Kjell H"]
[Result "1-0"]
[WhiteElo "1467"]
[BlackElo "1411"]
[PlyCount "73"]
[EventDate "2014.09.09"]
[EventType "swiss"]
[EventRounds "9"]
[EventCountry "NOR"]
[SourceTitle "EXT 2024"]
[Source "ChessBase"]
[SourceDate "2023.10.10"]
[SourceVersion "1"]
[SourceVersionDate "2023.10.10"]
[SourceQuality "1"]

1. e4 d5 2. exd5 Qxd5 3. Nc3 Qd8 4. Nf3 Bg4 5. Be2 Nc6 6. h3 Bh5 7. g4 Bg6 8. Bb5 a6 9. Bxc6+ bxc6 10. 0-0 e6 11. d4 Bb4 12. Ne5 Ne7 13. Bg5 f6 14. Nxg6 hxg6 15. Bf4 Bxc3 16. bxc3 Nd5 17. Bg3 Rxh3 18. Kg2 Rxg3+ 19. Kxg3 Qd6+ 20. Kg2 Kf7 21. Rh1 Nxc3 22. Qf3 Nd5 23. c3 Nf4+ 24. Kg1 Rb8 25. g5 f5 26. Rh4 Nd5 27. c4 Ne7 28. Re1 Qb4 29. Rhe4 Qxc4 30. Rxe6 Nd5 31. Qh3 Qxd4 32. Rxc6 Rb2 33. Qg3 Qd2 34. Rxc7+ Nxc7 35. Qxc7+ Kg8 36. Re8+ Kh7 37. Qh2# 1-0